000 00218nam a22000857a 4500
008 161122b xxu||||| |||| 00| 0 eng d
100 _91328
_aWilkinson
245 _aThe Dream giver
260 _aRinehot swingston
_boregon
_c2003
999 _c4040
_d4040